Los vencidos: los indios del Perú ante la conquista española -1530-1570-
Αποθηκεύτηκε σε:
| Κύριος συγγραφέας: | |
|---|---|
| Μορφή: | Βιβλίο |
| Γλώσσα: | Ισπανικά |
| Έκδοση: |
Cusco
Ceques Editores
2017
|
| Έκδοση: | 1a. ed |
| Θέματα: | |
| Ετικέτες: |
Προσθήκη ετικέτας
Δεν υπάρχουν, Καταχωρήστε ετικέτα πρώτοι!
|
MARC
| LEADER | 00000cam a2200000 a 4500 | ||
|---|---|---|---|
| 001 | UCC3691 | ||
| 003 | CL-VaPUC | ||
| 008 | 180531e20170500pe |||||||||||||||||spa|d | ||
| 020 | |a 9786124719219 | ||
| 082 | 0 | 4 | |a 985.02 |b WAC |2 21 |
| 100 | 0 | |a Wachtel, Nathan |e author |9 597774 | |
| 245 | 1 | 4 | |a Los vencidos: los indios del Perú ante la conquista española -1530-1570- |
| 250 | |a 1a. ed | ||
| 300 | |a 328 p | ||
| 942 | |c BK | ||
| 945 | |d 20180531 16:15:00 |a arojas | ||
| 260 | |a Cusco |b Ceques Editores |c 2017 | ||
| 650 | 7 | |a INCAS |2 CL-VaPUC |9 256565 | |
| 650 | 7 | |a INDIOS DE PERU |2 CL-VaPUC |9 597775 | |
| 650 | 0 | |a Conquista española |9 267777 | |
| 651 | 0 | |a Perú |9 256567 | |
| 583 | |a last modification |c 20180531 16:15:00 |k Rodrigo Vera | ||
| 999 | |c 371383 |d 371381 | ||
| 952 | |0 0 |1 0 |3 erb |4 0 |6 985_020000000000000_WAC_2017 |7 0 |8 A |9 488366 |a BIBHIS |b BIBHIS |i 5473489 |l 3 |o 985.02 WAC 2017 |p 5473489 |r 2025-01-20 |s 2022-06-01 |w 2019-11-24 |y BK |z Catalogado en:20180531 |k HIS | ||